000 00640nam a22001695i 4500
001 154372
003 ES-MaACL
005 20230906205710.0
008 040706s1891 sp af |||| | spa d
040 _aCAM
_bspa
_cCAM
100 1 _aGogorza y González, José.
_9127355
245 1 0 _aInfluencia del agua dulce en los animales marinos /
_cpor José Gogorza.
260 _aMadrid :
_b[s.n.],
_c1891 (
_fEstablecimiento tipográfico de Fortanet)
300 _a51 p., [1] h. lám. ;
_c21 cm.
650 _aBiología marina.
_9135692
852 _aES-MaACL
_jT-532-F-5
_z-- Enc. hol., conservando enc. original
_z-- Enc. varias obras en un vol.
999 _c154372
_d154372